000 00810nam a2200253 i 4500
001 66631
003 ES-MaACL
005 20250806060125.0
007 t|
008 030306s2002 sp ||||0| spa d
020 _a84-7908-696-3
080 _a008(460)"15/17"
100 1 _aMestre, Antonio.
_980696
245 1 0 _aHumanistas, políticos e ilustrados /
_cAntonio Mestre Sanchis.
260 _aSan Vicente del Raspeig :
_bUniversidad de Alicante,
_c[2002]
300 _a309 p. ;
_c24 cm.
490 1 _aMonografías Universidad de Alicante
650 1 4 _aIlustración-
_zEspaña
_913585
650 1 4 _aHumanismo-
_zEspaña.
_913503
710 2 _aUniversidad de Alicante
_97138
830 1 _aMonografías Universidad de Alicante
_9183034
852 _aES-MaACL
_jL-27138
999 _c66631
_d66631